000 01317nam a2200325 c 4500
999 _c174747
_d174747
003 BLK
005 20200610094700.0
008 180411b bul|||||r ||||||| ||bul||
010 _aKNG00183249000
040 _aBLK
041 _aBUL
_cBUL
080 _aСтайно цветарство. Вж и 745.9
_b635.91
_x(035)
_z635.91(035)
100 1 _aЮхимчук, Данаил Ф.
_eпърви автор
_9339856
139 _aЮхимчук, Данаил Ф.
_bЮ 38
245 1 0 _aЦветя в стаята
_bРъководство
_cДанаил Ф. Юхимчук; прев. от рус. Маргарита Ст. Динова.
257 _aSUN
260 _bЗемиздат
_c1983
_aСофия
300 _a176 с., 16 л.
_bцв. ил.
_c21 см
380 _a63
500 _aОриг. загл. Комнотное цветоводство. - 26 125 тир. - Азб. показалец.
650 4 _aЦветарство - наръчници и ръководства
_9242105
653 _aцветарство
653 _aръководства
700 1 _aДинова, Маргарита Ст.
_eпрев. от рус.
_9383164
852 _aЦб 122394
856 4 _qpdf
856 4 _qpdf
942 _cKNG
_n0
_s1
944 _aCR
_c06.10.2015
_kКамелия_Данева
944 _aED
_c06.10.2015
_kКамелия_Данева
999 _d174747